000 00643nam a2200241Ia 4500
003 OSt
005 20220817100806.0
008 220817b |||||||| |||| 00| 0 eng d
020 _a0 273 68580 5
040 _cIFM Library
082 _a658.4038011
100 _aCadle, James
245 _aProject Management for Information Systems
250 _a4th ed.
260 _aHarlow:
260 _bPrentice Hall/Financial Times
260 _c2004
300 _axv, 432p.
_b: ill. ; 25cm
500 _aIncludes Bibliographical References and Index
650 _aProject Management
_93205
700 _aYeates, Donald
942 _cBK
_2ddc
_n0
999 _c5093
_d5093